[Event "Santa Clara Cup"]
[Site "Santa Clara"]
[Date "1999.??.??"]
[Round "?"]
[White "Oneldis, Santiago"]
[Black "Marichal Gonzalez, Ariel"]
[Result "1-0"]
[WhiteElo "2215"]
[BlackElo "2177"]
[PlyCount "65"]
[EventDate "1999.??.??"]
[EventType "swiss"]
[EventRounds "11"]
[EventCountry "CUB"]
[SourceTitle "EXT 2003"]
[Source "ChessBase"]
[SourceDate "2002.11.25"]
[SourceVersion "1"]
[SourceVersionDate "2002.11.25"]
[SourceQuality "1"]

1. e4 c5 2. Nf3 Nc6 3. d4 cxd4 4. Nxd4 Nf6 5. Nc3 e5 6. Ndb5 d6 7. Bg5 a6 8. Na3 b5 9. Bxf6 gxf6 10. Nd5 Bg7 11. Bd3 Ne7 12. Nxe7 Qxe7 13. c4 f5 14. cxb5 0-0 15. Nc4 axb5 16. Nb6 Rb8 17. Nxc8 Rfxc8 18. 0-0 Rc5 19. Qe2 f4 20. b4 Rc3 21. Bxb5 f3 22. gxf3 Qf6 23. Bd3 Rxb4 24. Qd2 Qxf3 25. Be2 Qh3 26. f3 Qc8 27. Rac1 Rxc1 28. Rxc1 Qb8 29. Bc4 Rb2 30. Qg5 Rb1 31. Bb3 Qb6+ 32. Kg2 Rb2+ 33. Kh3 1-0